000 00282nam a22001217a 4500
020 _a1-86019-587-3
082 _a001
_bMAC/W
100 _aMACLEOD, BEATRICE
245 _aFISH
_bWONDERFUL WORLD OF ANIMALS
260 _aLONDON
_bBROCKHAMPTON PRESS
650 _aGK
_zLONDON
942 _cBK
999 _c6370
_d6370